01958 a2200169 4500020001800000082002100018100002600039110002700065245001800092300001400110440002100124505146500145650003301610651001601643999001101659952011801670 a9788492505500 a709.946bAR786d6 aCarrillo, Jesus.9303 aBNV Producciones9304 aDesacuerdos 6 a308c24cm aDesacuerdos9243 tEditorialtRene Schřer por Rene SchřertLa emancipacin̤ pasa por una mirada del espectador que no sea la programada. Entrevista a Jacques Rancir̈etEl ignorante del maestro: sobre ignorancia y emancipacin̤.tEl reverso. Arqueologa̕ del fils̤ofo en pantuflas.tEscuela y arte en la experiencia libertaria: hacia una escuela donde lo peor son las vacaciones y un arte donde los peor son las obras de arte. tEducacin̤ y arte en la reforma y la revolucin̤ durante la Segunda Repb͠lica.tActivismo en el frente bľico: la cartilla escolar antifascista y la lucha por la alfabetizacin̤ y la cultura. tcaminos de ida y vuelta. Notas sobre la recepcin̤ y manipulacin̤ del proyecto de nacionalizacin̤ educativa institucionista durante el primer franquismo.tApropiacin̤ del futuro: revuelta estudiantil y autogestin̤ durante el tardo-franquismo y la Transicin̤.tConstruyendo la democracia: el papel de las "alternativas pedagg̤icas"tLa polt̕ica educativa de la LOGSE a debate: disidencias y genealoga̕s de la educacin̤ de las artes.tPolt̕icas educativas en los museos de arte espaǫles. Los departamentos de educacin̤ y accin̤ cultural.tArteleku desde la perspectiva educacional. Alternativa y modelo: desarrollos, ejes, apuntes. tPedagoga̕s colectivas y experiencias de autoeducacin̤: una aproximacin̤ a las ln̕eas y discursos sobre prc̀ticas educativas alternativas en nuestros da̕s.tEl giro educativo en el Estado espaǫl. aArtevcultura espaǫla9244 aEspaą981 c56d56 00102ddc4070aLVbLVcPensamientod2014-04-08l0o709.946 AR786d6p000070r2014-04-08 00:00:00w2014-04-08y01